Calculus With Analytic Geometry 6th Ed (Record no. 313959)
[ view plain ]
| 000 -LEADER | |
|---|---|
| fixed length control field | 00384 a2200145 4500 |
| 001 - CONTROL NUMBER | |
| control field | 78886 |
| 082 ## - DEWEY DECIMAL CLASSIFICATION NUMBER | |
| Classification number | 515.15 YUS |
| 090 ## - LOCALLY ASSIGNED LC-TYPE CALL NUMBER (OCLC); LOCAL CALL NUMBER (RLIN) | |
| -- | 39513 |
| -- | 39513 |
| 100 ## - MAIN ENTRY--PERSONAL NAME | |
| Personal name | S M Yusuf |
| 245 ## - TITLE STATEMENT | |
| Title | Calculus With Analytic Geometry 6th Ed |
| Statement of responsibility, etc. | Yusuf S M ; Amin M. |
| 250 ## - EDITION STATEMENT | |
| Edition statement | 6th |
| 260 ## - PUBLICATION, DISTRIBUTION, ETC. | |
| Place of publication, distribution, etc. | Lahore |
| Name of publisher, distributor, etc. | Ilmi Kitab Khana |
| Date of publication, distribution, etc. | 2002 |
| 300 ## - PHYSICAL DESCRIPTION | |
| Extent | Xii 587 |
| Other physical details | Origenal |
| 500 ## - GENERAL NOTE | |
| General note | BE Textbook H&S,CFT Textbook |
| 942 ## - ADDED ENTRY ELEMENTS (KOHA) | |
| Institution code [OBSOLETE] | caenust |
| Call number prefix | 515,15 YUS |
| Withdrawn status | Lost status | Damaged status | Not for loan | Collection code | Permanent Location | Current Location | Date acquired | Total Checkouts | Full call number | Barcode | Date last seen | Price effective from | Koha item type |
|---|---|---|---|---|---|---|---|---|---|---|---|---|---|
| College of Aeronautical Engineering (CAE) | College of Aeronautical Engineering (CAE) | 04/03/2017 | 515,15 YUS | CAE53709 | 04/05/2017 | 04/05/2017 | Book |
